Guess The Countries in North America - Statistics

General Stats
  • This quiz has been taken 156 times
  • The average score is 15 of 23
Answers on the Map
Answers color-coded by a green-red scale on the quiz's map according to % correct below.
 
Answer Stats
Answer % Correct
Canada
99%
United States
99%
Mexico
96%
Cuba
87%
Jamaica
76%
Panama
75%
Bahamas
73%
Costa Rica
67%
Dominica
67%
Haiti
66%
Guatemala
64%
Honduras
64%
Dominican Republic
63%
El Salvador
63%
Nicaragua
61%
Saint Lucia
57%
Belize
55%
Barbados
54%
Saint Kitts And Nevis
53%
Antigua And Barbuda
48%
Saint Vincent And the Grenadines
47%
Grenada
45%
Trinidad and Tobago
43%
No matching quizzes found
Score Distribution
Percent of People with Each Score
Percentile by Number Answered
Your Score History
You have not taken this quiz